000
00315nam a2200133Ia 4500
008
231129s1971||||xx |||||||||||||| ||spa||
040
_b
spa
082
_a
621.75 K89e
100
_a
Krar S. F.
245
0
_a
Entrenamiento en el taller mecanico
260
_c
1971
264
_a
Rtac-McGraw-Hill
942
_2
ddc
_c
BKS
999
_c
13213
_d
13213